Statistics for Key and Peele "East-West College Bowl" Players

Click here to take the quiz!

General Stats

  • This quiz has been taken 44 times
  • The average score is 9 of 32

Answer Stats

CollegePlayer% Correct
BYUDan Smith
72%
San Diego StateEEEEE EEEEEEEE
72%
Boise StateDonkey Teeth
60%
Penn StateHingle McCringleberry
60%
Nevada State PenitentiaryTorque (Construction Noise) Lewith
56%
Wayne StateT.J. Juckson
52%
University of Missouri-Colombia(The Player Formerly Known as Mousecop)
44%
San Jose StateQuatro Quatro
36%
University of Tennesee at ChattanoogaIbrahim Moizoos
32%
StanfordOzamataz Buckshank
32%
Missouri Western StateX-Wing @Aliciousness
32%
GeorgiaD'Marcus Williums
28%
California University of PennsylvaniaXmus Jaxon Flaxon-Waxon
28%
MiamiTyroil Smoochie-Wallace
24%
Jones CollegeBeezer Twelve Washingbeard
20%
Coastal CarolinaD'Isiah T. Billings-Clyde
20%
Michigan StateJackmerius Tacktheritrix
20%
South FloridaJ'Dinkalage Morgoone
20%
Florida AtlanticL'Carpetron Dookmarriot
20%
East CarolinaLeoz Maxwell Jilliumz
20%
South Carolina StateD'Jasper Probincrux III
16%
Notre DameD'Squarius Green, Jr.
16%
Northern ArizonaShakiraquan T.G.I.F. Carter
16%
Albion CollegeT.J. A.J. R.J. Backslashinfourth V
16%
Southern MississippiDavoin Shower-Handel
12%
Adams StateSequester Grundelplith M.D.
12%
Middle TenneseeJavaris Jamar Javarison-Lamar
8%
South Dakota StateScoish Velociraptor Maloish
8%
WisconsinD'Glester Hardunkichud
4%
Texas A&MSaggitariutt Jefferspin
4%
Saskatchewan UniversitySwirvithan L'Goodling-Splatt
4%
Merrimack CollegeT'Variuness King
4%

Score Distribution

Percentile by Number Answered

Percent of People with Each Score

Your Score History

You have not taken this quiz